000 01609cam a22002174a 4500
005 20250605164011.0
008 250528s ||||||||||||||||||||||||d
035 _a15969
020 _a77076435
040 _aGR-AtMCL
_bgre
_dGR-AtMCL
_eAACR2
245 1 _aManaging Organizations / Text, Readings and Cases: Second Edition
250 _a2nd
260 _bMcgraw Hill Publishing Company,
_c1999
300 _a588
520 _aAn invaluable text which provides a very comprehensive coverage of theory and its application to practice in the Anglo-European context. Contributors, Acknowledgements, Introduction, About This Book, Behavior and Organizations, Organizations and Management and You, The Individual, Attributes of Individuals, Theories of Motivation, Concepts of Learning and Behavior, The Quality of Working Life: Jobs and Job Design, The Group, Group Behavior, Inter-Group Behavior, Decision-Making, Power and Leadership in Organizations, The Organization, Organizational Structure, Organizational Culture, Change in Organizations, Alternative Forms of Organization, The Environment, Classifying Organizational Environments, Understanding Organizational Systems, Environments and Managerial Action: Strategy and Process, International Management, European Business Environment, The National Cultural Environment, Managing the International Organization, Managing in the Future, The New Worker, The New Manager, The New Organization, Author and Subject Index.
700 1 _aRosenfeld H. Robert
_92016
700 1 _aWilson David
_91377
942 _cBK
999 _c1516
_d1516